[Event "35th European Club Cup 2019"]
[Site "Ulcinj"]
[Date "2019.11.15"]
[Round "6.7"]
[White "Mamedyarov, Shakhriyar"]
[Black "Ponomariov, Ruslan"]
[Result "1-0"]
[WhiteElo "2772"]
[BlackElo "2648"]
[Annotator "TA"]
[PlyCount "99"]
[EventDate "2019.11.10"]
[EventType "team-tourn"]
[EventCountry "MNE"]
[SourceTitle "playchess.com"]
[Source "ChessBase"]
[SourceQuality "1"]
[WhiteTeam "Alkaloid"]
[BlackTeam "Lysa nad Labem"]

{[%evp 13,99,6,10,0,-5,-9,0,0,0,0,0,0,18,17,36,27,45,26,56,46,49,0,0,-25,31,0,59,0,22,-10,0,-29,-2,-31,102,90,97,51,45,53,56,29,47,23,19,43,85,87,93,0,83,19,25,33,35,32,29,35,36,36,151,157,148,137,171,62,61,73,155,146,158,158,121,127,108,118,218,206,309,90,795,783,778,710,1597,1418,927,917]} 1. d4 Nf6 2. c4 e6 3. Nc3 Bb4 4. Nf3 c5 5. g3 cxd4 6. Nxd4 O-O 7. Bg2 d5 8. Nc2 {E20: Nimzo-Indian: 4 g3 and 4 f3} (8. cxd5 Nxd5 9. Qb3 Qa5 10. Bd2 Nc6 11. Nxc6 bxc6 12. O-O Bxc3 13. bxc3 Ba6 14. Rfe1 Rab8 15. Qc2 Bc4 16. e4 Nb6 17. e5 Bd5 18. c4 Qc5 19. Bf1 Nxc4 20. Rec1 {½-½ (47) Wei,Y (2736)-So,W (2754) Abidjan 2019}) 8... Bxc3+ 9. bxc3 Qc7 10. cxd5 {The position is equal.} Nxd5 11. Nb4 Qxc3+ 12. Bd2 Qc5 $146 ({Predecessor:} 12... Qa3 13. Rb1 Rd8 14. Rb3 Qa4 15. O-O Qe8 {0-1 (48) Pulanecki,M-Mollamustafaoglu,O (1684) ICCF email 2014}) 13. Rc1 Qb5 14. a4 {[%mdl 1024] White has compensation.} Qd7 15. O-O Re8 16. Qb3 Nb6 17. Rfd1 Qxa4 18. Qb1 N8d7 (18... Qb5 $11) 19. Bc3 a5 ({Black should play} 19... Qb5 $11) 20. Na2 (20. Nc2 $1 $14 e5 21. Ne3) 20... Nd5 21. Bb2 Qg4 22. Rd4 Qg6 (22... Qxe2 $2 23. Re1 $18) 23. e4 Nb4 (23... N5f6 $15 {keeps the upper hand.}) 24. Nxb4 $16 axb4 {[#]} 25. Rxc8 $1 {[%mdl 576] Remove Defender} Raxc8 26. Rxd7 Red8 $1 {[%cal Rd8d7]} 27. Qd1 ({Not} 27. Rxb7 $2 Qh5 $19) (27. Qd3 $5 {[%cal Rd7d8]} Qg5 28. Bf3 $14) 27... Qg5 $1 28. h4 Rxd7 29. Qxd7 {[%mdl 64] Double Attack} (29. hxg5 $2 {too greedy.} Rxd1+ 30. Bf1 Rcc1 $1 $19 {[%mdl 512]}) 29... Rd8 30. Qc7 $1 Qd2 31. Bf3 $40 {[%mdl 128] White attacks.} (31. Qe5 $16 {[%csl Gb2][%cal Re5g7]} f6 32. Qxe6+ Kf8 33. Bf1) 31... Kh8 (31... Qd6 $1 $11 32. Qxb7 Qc5) 32. Kg2 (32. Be5 $1 $16 f6 33. Bf4) 32... Rg8 33. Ba1 b3 $1 {[%cal Rb3b2]} 34. Qxb7 Qa5 35. Bb2 Qa2 36. Bd4 {h5 is the strong threat.} f6 (36... Qd2 $14) 37. e5 f5 38. Qb6 Qd2 39. Bc6 (39. Bh5 $1 $18 {[%cal Rh5f7] And now Bf7 would win.} f4 40. Bf7) 39... f4 $14 40. g4 Qd1 (40... h6 $142) 41. Bf3 $16 Qd3 42. h5 $1 h6 {[#]} 43. Bb2 $1 Qc4 44. Ba3 Rc8 (44... Re8 $16 45. Bb2 Rc8) 45. Qd6 Kg8 (45... Re8 $142 46. Qd7 Rb8) 46. Bb7 $2 (46. Qd7 $18) 46... Re8 $2 {[%mdl 8192] [#]} (46... Kh8 $16) 47. Bc6 $1 $18 {[%cal Rc6e8] White is clearly winning.} Rc8 {[#]} 48. Bd7 $1 {[%csl LRc8,LRe6][%mdl 64] Double Attack} Qe4+ {[#]} 49. Kh2 $1 Qe2 50. Bc5 {Accuracy: White = 44%, Black = 28%.} ({Inferior is} 50. Bxc8 Qxf2+ 51. Kh1 Qf1+ 52. Kh2 Qf2+ 53. Kh1 Qf1+ 54. Kh2 Qf2+ $11) 1-0

[Event "35th European Club Cup 2019"]
[Site "Ulcinj"]
[Date "2019.11.15"]
[Round "6.7"]
[White "Ivanisevic, Ivan"]
[Black "Kjartansson, Gudmundur"]
[Result "1-0"]
[WhiteElo "2598"]
[BlackElo "2454"]
[Annotator "ChessBase"]
[PlyCount "51"]
[EventDate "2019.11.10"]
[EventType "team-tourn"]
[EventCountry "MNE"]
[SourceTitle "playchess.com"]
[Source "ChessBase"]
[SourceQuality "1"]
[WhiteTeam "Sloven Ruma"]
[BlackTeam "Reykjavik CC"]
[TimeControl "40/5400+30:1800+30"]

1. d4 {[%emt 0:00:00]} d5 {[%emt 0:00:00]} 2. c4 {[%emt 0:00:00]} e6 {[%emt 0:00:00]} 3. Nc3 {[%emt 0:00:00]} c6 {[%emt 0:00:00]} 4. Nf3 {[%emt 0:00:00]} Nf6 {[%emt 0:00:24]} 5. g3 {[%emt 0:00:00]} dxc4 {[%emt 0:00:54]} 6. Ne5 {[%emt 0:00:03]} Nbd7 {[%emt 0:00:16]} 7. Nxc4 {[%emt 0:00:23]} b5 {[%emt 0:00:09]} 8. Ne3 {[%emt 0:00:45]} Bb7 {[%emt 0:00:52]} 9. Bg2 {[%emt 0:00:06]} b4 {[%emt 0:15:12]} 10. Na4 {[%emt 0:01:57]} Rb8 {[%emt 0:07:53]} 11. O-O {[%emt 0:03:22]} c5 {[%emt 0:03:44]} 12. d5 {[%emt 0:01:02]} Nb6 {[%emt 0:02:49]} 13. Nxb6 {[%emt 0:01:10]} axb6 {[%emt 0:00:08]} 14. dxe6 fxe6 {[%emt 0:00:15]} 15. Qb3 {[%emt 0:10:30]} Qc8 {[%emt 0:19:59]} 16. Bh3 {[%emt 0:09:09]} Kf7 {[%emt 0:01:05]} 17. Nc4 {[%emt 0:02:18]} Bd5 {[%emt 0:00:51]} 18. Rd1 {[%emt 0:09:13]} b5 {[%emt 0:02:21]} 19. Ne5+ {[%emt 0:00:45]} Kg8 {[%emt 0:00:17]} 20. Rxd5 {[%emt 0:12:22]} Nxd5 {[%emt 0:01:10]} 21. e4 {[%emt 0:02:14]} c4 {[%emt 0:04:23]} 22. Qf3 {[%emt 0:02:04]} Nf6 {[%emt 0:00:18]} 23. Bg5 {[%emt 0:02:52]} Be7 {[%emt 0:01:28]} 24. Rd1 {[%emt 0:00:38]} Rb6 {[%emt 0:09:19]} 25. Bxf6 {[%emt 0:01:51]} gxf6 {[%emt 0:12:12]} 26. Qg4+ {[%emt 0:01:16]} 1-0

[Event "35th European Club Cup 2019"]
[Site "Ulcinj"]
[Date "2019.11.15"]
[Round "6.7"]
[White "Draskovic, Luka"]
[Black "Heimann, Andreas"]
[Result "1/2-1/2"]
[WhiteElo "2460"]
[BlackElo "2617"]
[Annotator "ChessBase"]
[PlyCount "51"]
[EventDate "2019.11.10"]
[EventType "team-tourn"]
[EventCountry "MNE"]
[SourceTitle "playchess.com"]
[Source "ChessBase"]
[SourceQuality "1"]
[WhiteTeam "Crnogorac"]
[BlackTeam "Riehen SG"]
[TimeControl "40/5400+30:1800+30"]

1. e4 {[%emt 0:00:00]} e5 {[%emt 0:00:00]} 2. Nf3 {[%emt 0:00:00]} Nc6 {[%emt 0:00:00]} 3. d4 {[%emt 0:00:00]} exd4 {[%emt 0:00:00]} 4. Nxd4 {[%emt 0:00:00]} Nf6 {[%emt 0:00:00]} 5. Nc3 {[%emt 0:00:00]} Bb4 {[%emt 0:00:00]} 6. Nxc6 {[%emt 0:00:00]} bxc6 {[%emt 0:00:00]} 7. Bd3 {[%emt 0:00:03]} d5 {[%emt 0:00:16]} 8. exd5 {[%emt 0:00:06]} O-O {[%emt 0:00:04]} 9. O-O {[%emt 0:00:13]} cxd5 {[%emt 0:00:03]} 10. Bg5 {[%emt 0:00:27]} c6 {[%emt 0:00:11]} 11. Qf3 {[%emt 0:00:54]} Rb8 {[%emt 0:02:10]} 12. h3 {[%emt 0:00:14]} Bd6 {[%emt 0:00:35]} 13. b3 {[%emt 0:00:33]} h6 {[%emt 0:19:03]} 14. Bxf6 {[%emt 0:07:06]} Qxf6 {[%emt 0:00:11]} 15. Qxf6 {[%emt 0:00:02]} gxf6 {[%emt 0:00:05]} 16. Ne2 {[%emt 0:00:04]} Be6 {[%emt 0:03:57]} 17. Ng3 {[%emt 0:04:39]} c5 {[%emt 0:01:45]} 18. Rad1 {[%emt 0:09:23]} c4 {[%emt 0:03:47]} 19. Bf5 {[%emt 0:02:06]} Rfc8 {[%emt 0:17:28]} 20. Rfe1 {[%emt 0:15:34]} Be5 {[%emt 0:00:30]} 21. f4 {[%emt 0:00:30]} Bxf4 {[%emt 0:00:30]} 22. Rxe6 {[%emt 0:00:30]} fxe6 {[%emt 0:00:30]} 23. Bxe6+ {[%emt 0:00:30]} Kf8 {[%emt 0:00:30]} 24. Bxc8 {[%emt 0:00:30]} cxb3 {[%emt 0:00:30]} 25. cxb3 {[%emt 0:00:30]} Bxg3 {[%emt 0:00:30]} 26. Be6 {[%emt 0:00:30]} 1/2-1/2

[Event "35th European Club Cup 2019"]
[Site "Ulcinj"]
[Date "2019.11.15"]
[Round "6.7"]
[White "Subelj, Jan"]
[Black "Hammer, Jon Ludvig"]
[Result "0-1"]
[WhiteElo "2398"]
[BlackElo "2625"]
[Annotator "ChessBase"]
[PlyCount "96"]
[EventDate "2019.11.10"]
[EventType "team-tourn"]
[EventCountry "MNE"]
[SourceTitle "playchess.com"]
[Source "ChessBase"]
[SourceQuality "1"]
[WhiteTeam "Maribor"]
[BlackTeam "Koge SK"]
[TimeControl "40/5400+30:1800+30"]

1. e4 {[%emt 0:00:00]} e5 {[%emt 0:00:00]} 2. Nf3 {[%emt 0:00:08]} Nf6 {[%emt 0:00:00]} 3. Nxe5 {[%emt 0:01:44]} d6 {[%emt 0:00:00]} 4. Nf3 {[%emt 0:00:07]} Nxe4 {[%emt 0:00:00]} 5. c4 {[%emt 0:01:58]} Be7 {[%emt 0:00:00]} 6. Nc3 {[%emt 0:07:57]} Bf5 {[%emt 0:00:00]} 7. Be2 {[%emt 0:06:03]} O-O {[%emt 0:02:48]} 8. O-O {[%emt 0:00:43]} Re8 {[%emt 0:15:23]} 9. d4 {[%emt 0:10:12]} Nxc3 {[%emt 0:01:22]} 10. bxc3 {[%emt 0:00:04]} c5 {[%emt 0:13:01]} 11. d5 {[%emt 0:11:48]} Qa5 {[%emt 0:05:13]} 12. Bd3 {[%emt 0:03:12]} Bg4 {[%emt 0:10:41]} 13. Qc2 {[%emt 0:18:45]} Bxf3 {[%emt 0:01:17]} 14. gxf3 g6 {[%emt 0:00:00]} 15. Bf4 {[%emt 0:06:02]} Nd7 {[%emt 0:01:17]} 16. Rae1 {[%emt 0:00:17]} Ne5 {[%emt 0:01:27]} 17. Bxe5 {[%emt 0:03:56]} dxe5 {[%emt 0:00:07]} 18. Rxe5 {[%emt 0:00:36]} Bd6 {[%emt 0:00:06]} 19. Re4 {[%emt 0:00:11]} Qd8 {[%emt 0:06:50]} 20. Qd2 {[%emt 0:05:41]} Qf6 {[%emt 0:00:05]} 21. Rfe1 {[%emt 0:02:22]} Re5 {[%emt 0:12:33]} 22. Rxe5 {[%emt 0:06:03]} Bxe5 {[%emt 0:00:30]} 23. Re4 {[%emt 0:00:09]} Bd6 24. f4 {[%emt 0:05:17]} Kg7 {[%emt 0:03:34]} 25. Bf1 {[%emt 0:00:15]} a5 {[%emt 0:00:12]} 26. Bh3 {[%emt 0:02:18]} a4 {[%emt 0:01:32]} 27. Kg2 {[%emt 0:01:14]} a3 {[%emt 0:01:51]} 28. Qe3 {[%emt 0:02:41]} Ra6 {[%emt 0:01:19]} 29. Bd7 {[%emt 0:00:56]} Rb6 {[%emt 0:01:11]} 30. Bb5 {[%emt 0:00:02]} Qf5 {[%emt 0:00:31]} 31. f3 {[%emt 0:02:01]} Bf8 {[%emt 0:00:13]} 32. Re8 {[%emt 0:01:56]} Rf6 {[%emt 0:07:30]} 33. Qe4 {[%emt 0:00:08]} Bd6 {[%emt 0:04:07]} 34. Qxf5 {[%emt 0:00:04]} gxf5 {[%emt 0:00:06]} 35. Ra8 {[%emt 0:01:56]} Rg6+ {[%emt 0:00:06]} 36. Kf1 {[%emt 0:00:20]} Bxf4 {[%emt 0:03:57]} 37. Rxa3 {[%emt 0:00:02]} Bxh2 {[%emt 0:00:50]} 38. Ra7 {[%emt 0:00:04]} b6 {[%emt 0:00:46]} 39. Bd7 {[%emt 0:01:06]} Kf6 {[%emt 0:02:29]} 40. Be8 {[%emt 0:00:00]} Rg7 {[%emt 0:00:00]} 41. Rb7 {[%emt 0:01:14]} h5 {[%emt 0:04:03]} 42. Rxb6+ {[%emt 0:02:04]} Ke7 {[%emt 0:00:30]} 43. Ba4 {[%emt 0:00:44]} Rg1+ {[%emt 0:04:52]} 44. Kf2 {[%emt 0:00:47]} Ra1 {[%emt 0:00:30]} 45. Bb3 {[%emt 0:03:56]} Bf4 {[%emt 0:00:30]} 46. Rb7+ {[%emt 0:03:07]} Kf8 {[%emt 0:00:30]} 47. Rb6 {[%emt 0:01:35]} h4 {[%emt 0:06:59]} 48. Kg2 {[%emt 0:05:31]} Rb1 {[%emt 0:02:32]} 0-1

[Event "35th European Club Cup 2019"]
[Site "Ulcinj"]
[Date "2019.11.15"]
[Round "6.8"]
[White "Banusz, Tamas"]
[Black "Bratkovic, Jakob"]
[Result "1-0"]
[WhiteElo "2620"]
[BlackElo "2308"]
[Annotator "ChessBase"]
[PlyCount "105"]
[EventDate "2019.11.10"]
[EventType "team-tourn"]
[EventCountry "MNE"]
[SourceTitle "playchess.com"]
[Source "ChessBase"]
[SourceQuality "1"]
[WhiteTeam "Koge SK"]
[BlackTeam "Maribor"]
[TimeControl "40/5400+30:1800+30"]

1. Nf3 {[%emt 0:00:00]} d5 {[%emt 0:01:00]} 2. g3 {[%emt 0:00:00]} Nf6 {[%emt 0:00:14]} 3. Bg2 {[%emt 0:00:00]} e6 {[%emt 0:00:31]} 4. c4 {[%emt 0:00:00]} Be7 {[%emt 0:00:20]} 5. O-O {[%emt 0:00:51]} O-O {[%emt 0:00:32]} 6. b3 {[%emt 0:00:11]} c5 {[%emt 0:09:05]} 7. cxd5 {[%emt 0:00:42]} Nxd5 {[%emt 0:01:54]} 8. Bb2 {[%emt 0:00:15]} Nc6 {[%emt 0:01:48]} 9. d4 {[%emt 0:00:41]} Nxd4 {[%emt 0:09:14]} 10. Nxd4 {[%emt 0:00:32]} Bf6 {[%emt 0:05:39]} 11. Na3 {[%emt 0:12:28]} cxd4 {[%emt 0:12:06]} 12. Bxd4 {[%emt 0:00:46]} Qe7 {[%emt 0:00:45]} 13. Bxf6 {[%emt 0:03:42]} Nxf6 {[%emt 0:01:11]} 14. Nc4 {[%emt 0:00:39]} Rd8 {[%emt 0:01:00]} 15. Qc1 {[%emt 0:03:24]} Qc7 {[%emt 0:04:49]} 16. Qf4 {[%emt 0:06:45]} Qxf4 {[%emt 0:12:11]} 17. gxf4 {[%emt 0:00:38]} Rb8 {[%emt 0:00:01]} 18. Na5 {[%emt 0:07:44]} Kf8 {[%emt 0:03:36]} 19. Rfd1 {[%emt 0:02:35]} Rxd1+ {[%emt 0:00:51]} 20. Rxd1 {[%emt 0:00:02]} Ke7 {[%emt 0:00:08]} 21. Rd4 {[%emt 0:01:32]} Nd7 {[%emt 0:02:03]} 22. Rb4 {[%emt 0:05:11]} Nb6 {[%emt 0:00:13]} 23. Rd4 {[%emt 0:01:52]} Nd7 {[%emt 0:00:02]} 24. Kf1 {[%emt 0:01:06]} Nc5 {[%emt 0:09:28]} 25. b4 {[%emt 0:02:32]} Na6 {[%emt 0:00:24]} 26. a4 {[%emt 0:03:58]} Nc7 {[%emt 0:01:31]} 27. b5 {[%emt 0:00:52]} Ne8 {[%emt 0:01:18]} 28. e4 {[%emt 0:04:24]} Bd7 {[%emt 0:00:27]} 29. e5 {[%emt 0:00:10]} b6 {[%emt 0:00:28]} 30. Bc6 {[%emt 0:00:56]} Bc8 {[%emt 0:00:42]} 31. Bxe8 {[%emt 0:07:45]} bxa5 {[%emt 0:00:14]} 32. Bc6 {[%emt 0:00:04]} Rb6 {[%emt 0:05:15]} 33. Ke2 {[%emt 0:02:23]} a6 {[%emt 0:02:47]} 34. Kd2 {[%emt 0:02:23]} g6 {[%emt 0:02:07]} 35. Kd3 {[%emt 0:10:45]} axb5 {[%emt 0:02:17]} 36. axb5 {[%emt 0:00:05]} Ba6 {[%emt 0:00:09]} 37. Rd7+ {[%emt 0:00:07]} Ke8 {[%emt 0:01:02]} 38. bxa6 {[%emt 0:00:24]} Rxc6 {[%emt 0:00:04]} 39. a7 {[%emt 0:00:10]} Kxd7 {[%emt 0:00:09]} 40. a8=Q {[%emt 0:00:00]} Rc8 {[%emt 0:00:00]} 41. Qxa5 {[%emt 0:01:45]} Ke8 {[%emt 0:00:45]} 42. Qb4 {[%emt 0:00:14]} Rd8+ {[%emt 0:00:07]} 43. Ke3 {[%emt 0:00:23]} Rd1 {[%emt 0:00:31]} 44. Qa4+ {[%emt 0:00:54]} Rd7 {[%emt 0:00:07]} 45. Kf3 {[%emt 0:00:31]} Ke7 {[%emt 0:00:05]} 46. Kg4 {[%emt 0:00:28]} h6 {[%emt 0:00:07]} 47. h4 {[%emt 0:00:18]} Rd3 {[%emt 0:00:27]} 48. Qb4+ {[%emt 0:00:37]} Ke8 {[%emt 0:00:12]} 49. Qb5+ {[%emt 0:00:05]} Rd7 {[%emt 0:00:03]} 50. h5 {[%emt 0:00:06]} Ke7 {[%emt 0:00:09]} 51. Qc5+ {[%emt 0:00:42]} Ke8 {[%emt 0:00:09]} 52. hxg6 {[%emt 0:00:36]} fxg6 {[%emt 0:00:05]} 53. Qc8+ {[%emt 0:00:04]} 1-0

[Event "35th European Club Cup 2019"]
[Site "Ulcinj"]
[Date "2019.11.15"]
[Round "6.8"]
[White "Yemelin, Vasily"]
[Black "Andreikin, Dmitry"]
[Result "0-1"]
[WhiteElo "2533"]
[BlackElo "2733"]
[Annotator "TA"]
[PlyCount "88"]
[EventDate "2019.11.10"]
[EventType "team-tourn"]
[EventCountry "MNE"]
[SourceTitle "playchess.com"]
[Source "ChessBase"]
[SourceQuality "1"]
[WhiteTeam "Lysa nad Labem"]
[BlackTeam "Alkaloid"]

{[%evp 11,88,12,25,8,18,13,14,8,5,0,21,0,11,0,11,-7,29,27,22,27,18,16,61,58,56,17,91,60,149,139,136,12,11,20,22,0,0,0,0,0,8,0,0,0,0,0,0,0,0,-8,-6,-12,-11,-5,-6,-16,-22,-80,-79,-79,-81,-102,-97,-224,-124,-124,-135,-331,-339,-339,-334,-489,-369,-469,-352,-376,-341,-449,-442]} 1. e4 e5 2. Nf3 Nc6 3. Bb5 Nf6 4. d3 Bc5 5. c3 O-O 6. O-O d6 7. Ba4 {C65: Ruy Lopez: Berlin Defence (3...Nf6), unusual lines and 4 0-0 Bc5} Bb6 8. Nbd2 Ne7 9. Nc4 {The position is equal.} Ng6 10. h3 h6 11. Bc2 Be6 12. a4 {a5 is the strong threat.} c5 13. Nxb6 {[#]} Qxb6 $146 ({Predecessor:} 13... axb6 14. d4 Qc8 15. Re1 b5 {0-1 (61) Adams,M (2734)-McShane,L (2671) London 2011}) 14. d4 cxd4 15. cxd4 Rac8 16. Re1 a5 17. d5 Bd7 18. b3 Nh5 (18... Nf4 $11 {keeps the balance.}) 19. Nd2 $1 $16 Ngf4 (19... Nhf4 $14) 20. Nc4 Qd8 21. Bxf4 (21. Nxd6 $2 Qg5 $1 $19 {[%mdl 512]}) ({White must play} 21. Qf3 $1 $16) 21... Nxf4 $11 22. Re3 Qc7 23. Bd3 f5 24. Qd2 Nxd3 25. Rxd3 fxe4 26. Rg3 {And now Qxh6 would win.} Rf4 27. Qxa5 e3 $1 {[%cal Re3f2]} 28. Qxc7 exf2+ 29. Kf1 Rxc7 30. Rf3 Rd4 31. Nxd6 Rxd5 32. Nc4 $1 e4 $36 {[%mdl 2048] Black is pushing.} 33. Rxf2 Rd3 34. Re2 (34. Rb1 $11) 34... Rxb3 $17 35. Rxe4 Bc6 36. Re3 Rb4 37. Nd6 {[#]} (37. Ne5 $17 {is a better defense.}) 37... Rd7 ({Resist} 37... Bxa4 38. Kg1 $17) (37... Rxa4 38. Rxa4 Bxa4 39. Ra3 $17) (37... Rd4 $1 $19 {[%cal Rd4d6]} 38. Re6 Rd7) 38. Nc8 {intending Ne7+.} Kh7 39. Ne7 $2 (39. Re2 $17) 39... Be4 $19 ({Weaker is} 39... Bxa4 40. Kg1 $17) ({Less strong is} 39... Rxa4 40. Rxa4 Bxa4 41. Kf2 $17) 40. Nc8 Rd2 41. Rae1 (41. Ne7 $142) 41... Bxg2+ 42. Kg1 Rxa4 43. Ne7 Rf4 44. Kh2 Bf1+ {Accuracy: White = 33%, Black = 54%.} 0-1

[Event "35th European Club Cup 2019"]
[Site "Ulcinj"]
[Date "2019.11.15"]
[Round "6.8"]
[White "Renet, Olivier"]
[Black "Tomic, Aleksandar"]
[Result "1-0"]
[WhiteElo "2475"]
[BlackElo "2364"]
[Annotator "ChessBase"]
[PlyCount "99"]
[EventDate "2019.11.10"]
[EventType "team-tourn"]
[EventCountry "MNE"]
[SourceTitle "playchess.com"]
[Source "ChessBase"]
[SourceQuality "1"]
[WhiteTeam "Riehen SG"]
[BlackTeam "Crnogorac"]
[TimeControl "40/5400+30:1800+30"]

1. d4 Nf6 2. c4 e6 3. Nc3 c5 4. d5 exd5 5. cxd5 d6 6. Nf3 g6 7. Nd2 Bg7 8. e4 O-O 9. Be2 Re8 10. O-O Na6 11. f3 Nc7 12. a4 b6 13. Kh1 Rb8 14. Nc4 Ba6 15. Bg5 Qd7 16. Qd2 Bxc4 17. Bxc4 a6 18. Be2 Rb7 19. Rab1 b5 20. b4 c4 21. a5 Qe7 22. Rbe1 Qf8 23. Bd1 Nd7 24. Bc2 Rbb8 25. f4 Bh6 26. Bxh6 Qxh6 27. Rf3 Qg7 28. Rfe3 Qh6 29. Qf2 Nf6 30. Bd1 Rbd8 31. g3 Qh3 32. Qg2 Qd7 33. g4 Qe7 34. g5 Nd7 35. Qg3 Rf8 36. Bg4 Nb8 37. h4 f6 38. Ne2 fxg5 39. hxg5 Qg7 40. Nc3 Qe7 41. Rd1 Qf7 42. Rf3 Qe7 43. Qh3 Kh8 44. Rd2 Rf7 45. Be6 Rg7 46. Rg2 Nd7 47. f5 Qe8 48. Rf4 Ne5 49. Rh4 Qf8 50. f6 1-0

[Event "35th European Club Cup 2019"]
[Site "Ulcinj"]
[Date "2019.11.15"]
[Round "6.8"]
[White "Gretarsson, Helgi Ass"]
[Black "Perunovic, Milos"]
[Result "0-1"]
[WhiteElo "2415"]
[BlackElo "2578"]
[Annotator "ChessBase"]
[PlyCount "78"]
[EventDate "2019.11.10"]
[EventType "team-tourn"]
[EventCountry "MNE"]
[SourceTitle "playchess.com"]
[Source "ChessBase"]
[SourceQuality "1"]
[WhiteTeam "Reykjavik CC"]
[BlackTeam "Sloven Ruma"]
[TimeControl "40/5400+30:1800+30"]

1. d4 {[%emt 0:00:00]} Nf6 {[%emt 0:00:00]} 2. c4 {[%emt 0:00:00]} e6 {[%emt 0:01:19]} 3. Nc3 {[%emt 0:00:00]} Bb4 {[%emt 0:00:20]} 4. Qc2 {[%emt 0:00:00]} b6 {[%emt 0:03:18]} 5. e4 {[%emt 0:04:30]} c5 {[%emt 0:00:26]} 6. d5 {[%emt 0:00:19]} Qe7 {[%emt 0:03:45]} 7. Nge2 {[%emt 0:00:14]} exd5 {[%emt 0:01:29]} 8. exd5 {[%emt 0:00:13]} O-O {[%emt 0:19:47]} 9. Bd2 {[%emt 0:25:31]} d6 {[%emt 0:00:19]} 10. f3 {[%emt 0:00:24]} Nbd7 {[%emt 0:16:37]} 11. O-O-O {[%emt 0:01:34]} a6 {[%emt 0:06:31]} 12. Ng3 {[%emt 0:11:21]} Qd8 {[%emt 0:00:35]} 13. Bf4 {[%emt 0:08:11]} Ne5 {[%emt 0:01:37]} 14. Nce4 {[%emt 0:14:39]} Nxe4 {[%emt 0:01:51]} 15. Nxe4 {[%emt 0:00:04]} Re8 {[%emt 0:04:56]} 16. g4 {[%emt 0:10:40]} b5 {[%emt 0:17:10]} 17. a3 {[%emt 0:04:52]} Ba5 {[%emt 0:00:15]} 18. Bxe5 {[%emt 0:00:00]} Rxe5 {[%emt 0:00:37]} 19. cxb5 {[%emt 0:00:17]} axb5 {[%emt 0:01:34]} 20. Bxb5 {[%emt 0:00:06]} Rb8 {[%emt 0:02:48]} 21. Qc4 f5 {[%emt 0:03:14]} 22. gxf5 {[%emt 0:05:24]} Bxf5 {[%emt 0:00:04]} 23. Rhg1 {[%emt 0:02:05]} Qh4 {[%emt 0:03:05]} 24. Qa4 {[%emt 0:00:07]} Bd8 {[%emt 0:02:44]} 25. Kb1 {[%emt 0:07:09]} Bf6 {[%emt 0:01:10]} 26. Rge1 {[%emt 0:02:27]} Qxh2 {[%emt 0:02:39]} 27. Re2 {[%emt 0:00:04]} Qh3 {[%emt 0:02:26]} 28. Ka2 {[%emt 0:00:37]} Bxe4 {[%emt 0:00:41]} 29. fxe4 {[%emt 0:00:05]} Re7 {[%emt 0:00:42]} 30. Qc4 {[%emt 0:00:13]} Be5 {[%emt 0:00:38]} 31. a4 {[%emt 0:00:09]} h5 {[%emt 0:00:18]} 32. Rd3 {[%emt 0:02:16]} Qf1 {[%emt 0:00:38]} 33. Qc2 {[%emt 0:00:40]} Rf7 {[%emt 0:01:41]} 34. Ra3 {[%emt 0:00:13]} h4 {[%emt 0:00:26]} 35. Rg2 {[%emt 0:01:02]} Qh1 {[%emt 0:00:22]} 36. Rg5 {[%emt 0:00:38]} Bd4 {[%emt 0:00:28]} 37. Qg2 {[%emt 0:00:31]} Rf2 {[%emt 0:00:43]} 38. Qxh1 {[%emt 0:01:49]} Rxb2+ {[%emt 0:00:05]} 39. Ka1 {[%emt 0:00:01]} R2xb5+ {[%emt 0:00:13]} 0-1

[Event "35th European Club Cup 2019"]
[Site "Ulcinj"]
[Date "2019.11.15"]
[Round "6.9"]
[White "Shankland, Sam"]
[Black "Plat, Vojtech"]
[Result "1/2-1/2"]
[WhiteElo "2679"]
[BlackElo "2570"]
[Annotator "TA"]
[PlyCount "64"]
[EventDate "2019.11.10"]
[EventType "team-tourn"]
[EventCountry "MNE"]
[SourceTitle "playchess.com"]
[Source "ChessBase"]
[SourceQuality "1"]
[WhiteTeam "Alkaloid"]
[BlackTeam "Lysa nad Labem"]

{[%evp 13,64,23,16,13,25,20,21,39,61,70,67,65,54,48,106,87,94,57,55,-26,-21,-22,-27,-79,-80,-109,-39,-40,-31,-45,-31,-34,-13,-25,-32,-25,-25,-25,-37,-157,-33,-26,-27,-26,-26,-118,-115,-108,-93,-74,-45,-64,0]} 1. e4 e5 2. Nf3 Nc6 3. Bb5 a6 4. Bxc6 dxc6 5. O-O Qd6 6. Na3 Be6 7. Qe2 f6 {[#]} 8. d4 $1 {[%mdl 512] C68: Ruy Lopez: Exchange Variation, sidelines} exd4 9. Rd1 $1 c5 10. c3 $1 {[%cal Rc3d4] The position is equal.} d3 $146 ({Predecessor:} 10... Bg4 11. h3 Bxf3 12. Qxf3 Ne7 13. Bf4 Qd7 14. Qh5+ Ng6 15. Be3 Qe6 16. cxd4 cxd4 17. Rxd4 Bxa3 18. bxa3 {½-½ (24) Kovacevic,A (2581)-Efimenko,Z (2689) Vrnjacka Banja 2010}) 11. Rxd3 Qc6 $1 12. b4 Ne7 13. bxc5 Qxc5 {[#]} (13... Bg4 $14) 14. e5 $1 $16 {[%cal Re5f6]} f5 15. Nd4 Bd5 16. c4 (16. Bb2 $14) 16... Be4 $11 17. Rd1 Ng6 18. f3 (18. Nb3 $11 Qxe5 19. f3) 18... O-O-O $17 19. Be3 Qxa3 (19... Qxe5 $17 20. fxe4 Bxa3 21. exf5 Nh4) 20. fxe4 $15 Bc5 21. Nb3 Rxd1+ 22. Rxd1 Nf4 23. Qf2 Bxe3 24. Qxe3 {Qa7! is the strong threat.} Qxa2 {[%csl Gf4][%cal Ra2g2]} 25. Qxf4 Qxb3 {[%mdl 64] Double Attack} 26. Qxf5+ $11 {[%mdl 4096] Endgame KQR-KQR} Kb8 27. Qd7 Qxc4 {White must now prevent ...Qc5+.} 28. e6 $1 {[%cal Re6e7]} Qc6 29. Qe7 {[#]} (29. Qxc6 $11 {remains equal.} bxc6 30. Rd7) 29... Ka7 $1 $17 ({Much weaker is} 29... Qxe4 $6 30. h3 $11) 30. Rd7 Qc1+ 31. Kf2 Qf4+ 32. Kg1 {Strongly threatening Qc5+.} Qc1+ {Accuracy: White = 64%, Black = 69%.} ({Better is} 32... Qe3+ $15 33. Kf1 Rc8) 1/2-1/2